000
00304nam a22001457a 4500
008
210303b ||||| |||| 00| 0 eng d
020
_a
9781269697958
041
_a
eng
080
_a
82
082
_a
82
100
_a
21
101
_a
GJL
245
_a
American Literature
_c
Bowe, D
942
_2
udc
_c
BK
999
_c
55661
_d
55661